PHARMACEUTICAL JURISPRUDENCE -[ 2.ND ED. ] B.PHARMA. 5TH SEMESTER (Record no. 8718)

MARC details
000 -LEADER
fixed length control field 00548nam a22001817a 4500
005 - DATE AND TIME OF LATEST TRANSACTION
control field 20241001122523.0
008 - FIXED-LENGTH DATA ELEMENTS--GENERAL INFORMATION
fixed length control field 240930b |||||||| |||| 00| 0 eng d
020 ## - INTERNATIONAL STANDARD BOOK NUMBER
ISBN 978-93-6180-349-9
041 ## - LANGUAGE CODE
Language code of text/sound track or separate title eng
082 ## - DEWEY DECIMAL CLASSIFICATION NUMBER
Classification number 614.34
100 ## - MAIN ENTRY--AUTHOR NAME
Personal name KAR, DR. RAJAT KUMAR & PRABHU, DR. T. PURUSHOTH AND PATEL, DR. KUNAL N.
245 ## - TITLE STATEMENT
Title PHARMACEUTICAL JURISPRUDENCE -[ 2.ND ED. ] B.PHARMA. 5TH SEMESTER
250 ## - EDITION STATEMENT
Edition statement 2ND ED. 2025
260 ## - PUBLICATION, DISTRIBUTION, ETC. (IMPRINT)
Place of publication LUCKNOW
Name of publisher THAKUR PUBLICATION PVT.LTD
300 ## - PHYSICAL DESCRIPTION
Number of Pages 184;P
650 ## - SUBJECT ADDED ENTRY--TOPICAL TERM
Topical Term PHARMACY
General subdivision B.PHARMA
942 ## - ADDED ENTRY ELEMENTS (KOHA)
Koha item type Books
Holdings
Lost status Damaged status Collection code Home library Current library Shelving location Date acquired Source of acquisition Cost, normal purchase price Serial Enumeration / chronology Full call number Accession Number Koha item type
    PHARMACY JRU Library JRU Library SHELF-3-D 30/09/2024 PURCHASE 190.00 NEW ARRIVALS SHELF 614.34 28623 Books
    PHARMACY JRU Library JRU Library SHELF-19-D 30/09/2024 PURCHASE 190.00   614.34 28624 Books
    PHARMACY JRU Library JRU Library SHELF-19-D 30/09/2024 PURCHASE 190.00   614.34 28625 Books